| 000 | 01049cam a22003137a 4500 | ||
|---|---|---|---|
| 003 | CHAP | ||
| 005 | 20220329133812.0 | ||
| 008 | 971013s1966 mx a r 00010 spa d | ||
| 010 | _a11129 | ||
| 011 | _a12101 | ||
| 035 | _a14160 | ||
| 040 | _cCHAP | ||
| 090 | _aFolleto 18050 | ||
| 100 | 0 | 0 |
_aCarballo Carballo, Aquiles. _918795 |
| 245 | 1 | 3 |
_aEl cultivo del maíz en el Bajío de zonas similares _c/por Aquiles Carballo Carballo |
| 260 |
_aRoque, Gto. : _bINIA. Centro de Investigaciones Agrícolas del Bajío, _c1966 |
||
| 300 |
_a20 P. : _bilus. |
||
| 490 | 0 |
_aCircular CIAB _v; 8 |
|
| 590 |
_aBATCH-UPD _b10 _c20130110 _lUCH01 _h0148 |
||
| 590 |
_aBATCH-UPD _b10 _c20130110 _lUCH01 _h2153 |
||
| 590 |
_aBATCH-UPD _b10 _c20130409 _lUCH01 _h2148 |
||
| 590 |
_aBATCH-UPD _b10 _c20130914 _lUCH01 _h0910 |
||
| 590 |
_aCONVERSION _b10 _c20130109 _lUCH01 _h1307 |
||
| 650 | 1 | 4 |
_aMaíz _xBajío. _970891 |
| 830 | 0 |
_aCircular CIAB _v; 8 _923363 |
|
| 901 | _aBK | ||
| 942 | _cFOLL | ||
| 949 |
_aFolleto 18050 _bBC _cFOLL _d33724002255595 _eTS1 _gDonaciØn _i14160 _sb |
||
| 999 |
_c11129 _d11129 |
||